[Event "Brno Pasci listopad"]
[Site "?"]
[Date "2023.11.04"]
[Round "1"]
[White "Holemar, David"]
[Black "Zeman, Arnost"]
[Result "1-0"]
[WhiteElo "2149"]
[BlackElo "1632"]
[PlyCount "43"]
[EventDate "2023.11.??"]

{[%evp 0,43,19,19,36,30,20,32,50,54,46,54,49,16,21,-11,27,27,25,17,17,19,53,12,
46,38,114,122,151,144,85,61,54,47,52,62,58,55,55,56,57,59,64,54,44,44]} 1. d4
e6 2. Nf3 d5 3. Bf4 Nd7 4. e3 Ngf6 5. Bd3 c5 6. c3 Be7 ({Příslušný:} 6...
Qb6 7. Qc1 Bd6 8. Bg3 O-O 9. Ne5 Qc7 10. f4 Nh5 11. Nd2 f6 12. Qd1 g6 13. Nef3
e5 14. e4 exf4 15. Bf2 c4 16. Bc2 Nb6 17. O-O Be6 18. Re1 Rae8 19. e5 fxe5 20.
dxe5 Bc5 21. Bxc5 Qxc5+ 22. Nd4 Nd7 23. Kh1 Ng7 24. N2f3 Bg4 25. Qd2 Bxf3 26.
Nxf3 Ne6 27. Rad1 Nb6 28. b4 cxb3 29. Bxb3 Rc8 30. Nd4 Nxd4 31. cxd4 Qc3 32.
Qf2 f3 33. e6 Rce8 34. g3 Rf6 35. Re3 Qc6 36. e7 {Shimanov,A (2639)-Antonio,R 
(2481) Chess.com INT 2016 1-0}) 7. Ne5 cxd4 8. exd4 {[#]} Qb6 $146 ({
Přechůdce:} 8... O-O 9. O-O Nxe5 10. Bxe5 Bd7 11. Nd2 b5 12. a3 Rc8 13. Qe2
a6 14. f4 Qb6 15. Nf3 h6 16. Kh1 Ne8 17. Rae1 Nd6 18. g4 f6 19. Bxd6 Qxd6 20.
Qd2 g5 21. fxg5 hxg5 22. h3 Kg7 23. Qh2 Qxh2+ 24. Kxh2 Bd6+ 25. Kg2 Rh8 26. Rf2
{1/2 (26) Lenz,J (1054)-Palla,V (1176) LSS email 2017}) 9. Qe2 O-O 10. O-O g6
11. b3 a6 12. Nd2 Kg7 13. Qe3 Ng8 14. Ndf3 Nxe5 15. Bxe5+ f6 16. Bg3 Bd6 17.
Rfe1 Ne7 18. c4 Bxg3 19. hxg3 Bd7 20. Rac1 Rac8 21. Qd2 Rf7 22. g4 {Time!} 1-0

[Event "Brno Pasci listopad"]
[Site "?"]
[Date "2023.11.04"]
[Round "2"]
[White "Hyrs, Martin"]
[Black "Holemar, David"]
[Result "0-1"]
[WhiteElo "1764"]
[BlackElo "2149"]
[PlyCount "44"]
[EventDate "2023.11.??"]

{[%evp 0,44,31,30,66,36,31,-7,21,9,45,-21,35,-32,-19,-64,-72,-73,-73,-71,-50,
-37,-37,-40,7,-96,-110,-444,-444,-444,-444,-444,-324,-355,-378,-404,-399,
-29981,-29982,-29983,-429,-1087,-1110,-1125,-1167,-29987,-29988]} 1. d4 Nc6 2.
Nf3 d5 3. c4 Bg4 4. e3 e5 5. dxe5 Nxe5 {(V Čigorinově obraně dámského
gambitu volí černý provokativní pokračování. Lépe asi} ({Příslušný:
} 5... dxc4 6. Qa4 Bxf3 7. gxf3 Qd5 8. Bxc4 Qxf3 9. Rg1 O-O-O 10. Be2 Qd5 11.
f4 f6 12. Nc3 Qc5 13. exf6 Nxf6 14. Bd2 Qb6 15. Qb5 g6 16. O-O-O Bg7 17. Qxb6
axb6 18. Kb1 Rhe8 19. Bc1 Bf8 20. Rxd8+ Nxd8 21. Bf3 c6 22. e4 Bb4 23. e5 Bxc3
24. bxc3 Nd5 25. Bxd5 cxd5 26. Rd1 Ne6 27. Rxd5 Rf8 28. Rd6 Nc5 29. Rxb6 Kc7
30. Rf6 Ra8 31. Rf7+ Kc6 32. Rxh7 Kd5 33. Be3 Ne4 34. Rxb7 Kc4 35. Bd4 {
Malakhov,V (2661)-Morozevich,A (2656) Sochi 2018 1-0}) 6. Be2 {(Motory
nabízejí důsledné} (6. cxd5 Nf6 7. Nc3 c6 8. Be2 Bxf3 9. gxf3 cxd5 10. Qb3
{a malou výhodou bílého)}) 6... Nxc4 7. Bxc4 dxc4 8. Qa4+ Qd7 9. Qxc4 Bxf3
10. gxf3 {[#]} Nf6 $146 ({Nebo} 10... O-O-O 11. Qc2 Nf6 12. e4 Qh3 13. Ke2 Qg2
14. Bf4 Bd6 15. Bxd6 Rxd6 16. Nc3 Rhd8 17. Rad1 Rxd1 18. Rxd1 Rxd1 19. Qxd1
Qxh2 20. Qb3 Qh5 21. Qa3 Qg6 22. Qxa7 Nd7 23. Qd4 Qa6+ 24. Ke1 f6 25. Qd5 Qd6
26. Qg8+ Qf8 27. Qxh7 Ne5 28. Qf5+ Kd8 29. Kf1 Qh8 30. Kg2 Qh6 31. Nd5 c6 32.
Ne3 Ng6 33. Kf1 Nf4 34. Ke1 Nd3+ 35. Ke2 Nf4+ 36. Kd2 Ng2 37. Qa5+ Kd7 38. Qf5+
Kd6 39. Kd3 Nf4+ 40. Kc2 {Abozenko,G (1769)-Urbanc,P Mureck 2008 0-1 (65)}) 11.
Nc3 O-O-O 12. O-O {(Bílému se nelíbil jeho král v centru a nevyvinuté
dámské křídlo. Takto však jde z deště pod okap)} Bd6 13. f4 {
(Prohrává prakticky okamžitě. Lépe bylo} (13. Kg2 Qf5 14. Qh4 g5 15. Qc4
h5 {s útokem černého)}) 13... Qg4+ 14. Kh1 Qf3+ 15. Kg1 g5 16. Qe2 Qh3 17.
f3 gxf4 18. e4 Rhg8+ 19. Kh1 Rg5 20. Rg1 Rxg1+ 21. Kxg1 Rg8+ 22. Kh1 Nh5 {
a černý matí nejpozději v 7 tazích.} 0-1

[Event "Brno Pasci listopad"]
[Site "?"]
[Date "2023.11.04"]
[Round "3"]
[White "Vyskocil, Neklan"]
[Black "Kredl, Karel"]
[Result "1/2-1/2"]
[WhiteElo "2192"]
[BlackElo "2042"]
[PlyCount "65"]
[EventDate "2023.11.??"]

{[%evp 0,27,18,16,46,66,81,58,63,53,39,41,38,31,56,49,48,33,33,-36,-36,-36,-34,
-34,-34,-42,-36,-48,-48,-51]} 1. e4 c5 2. Nf3 d6 3. d4 cxd4 4. Nxd4 Nf6 5. Nc3
Nc6 6. Bg5 e6 7. Qd2 Be7 8. O-O-O O-O 9. Be2 Nxd4 10. Qxd4 Nxe4 ({
Příslušný:} 10... Bd7 11. f4 Qa5 12. e5 dxe5 13. Qxe5 Qb6 14. f5 Rac8 15.
Be3 Bc5 16. Bxc5 Rxc5 17. Qd6 Qxd6 18. Rxd6 Rxf5 19. g4 Re5 20. Bf3 b5 21. h4
b4 22. Nd1 h6 23. Nf2 Bb5 24. Rg1 Re3 25. Bd1 Rc8 26. g5 hxg5 27. hxg5 Nd5 28.
g6 f5 29. Rh1 Nf4 30. Rd4 Nxg6 31. Rxb4 Be8 32. Nh3 Rg3 33. c3 a5 34. Rb6 Bf7
35. Bh5 Ne5 36. Bxf7+ Kxf7 37. Kb1 Nd3 38. Rb7+ Kf6 39. Ng1 Nf2 40. Rh4 {
Perez Ponsa,F (2577)-Savchenko,B (2611) Chess.com INT 2017 0-1}) 11. Nxe4 Bxg5+
12. Nxg5 Qxg5+ 13. f4 Qa5 14. Kb1 {[#] (R)} {Přechůdce:} Rd8 $146 15. h4 e5
16. fxe5 Be6 17. exd6 Qxa2+ 18. Kc1 Rd7 19. h5 h6 20. Bd3 Rad8 21. Qe4 f5 22.
Qe5 Rxd6 23. g4 fxg4 24. Rhf1 Kh8 25. Qe4 Bg8 26. c3 Qa1+ 27. Kc2 Bb3+ 28. Kxb3
Rb6+ 29. Qb4 Rxb4+ 30. cxb4 Rxd3+ 31. Rxd3 Qxf1 32. Rd8+ Kh7 33. Rh8+ {0-1 (33)
Bennett,D (2072)-Croad,N (2334) London 2012} 1/2-1/2

[Event "Brno Pasci listopad"]
[Site "?"]
[Date "2023.11.04"]
[Round "4"]
[White "Buchta, Vaclav"]
[Black "Smidek, Prokop"]
[Result "1-0"]
[WhiteElo "1909"]
[BlackElo "1320"]
[PlyCount "87"]
[EventDate "2023.11.??"]

{[%evp 0,87,19,31,43,-23,-9,4,2,-18,65,64,55,48,81,43,59,42,39,31,31,27,27,4,
27,0,1,-15,1,-4,61,19,83,41,63,50,42,50,49,43,93,93,86,101,86,32,44,33,43,43,
70,81,91,91,91,91,94,92,93,79,156,160,198,160,198,211,235,132,165,121,259,252,
333,351,374,374,374,374,382,411,442,402,410,364,463,483,538,560,593,456]} 1. d4
d5 2. c4 e6 3. Nc3 Nf6 4. cxd5 Nxd5 5. e4 Nxc3 6. bxc3 b6 7. Nf3 Bb7 8. Bd3 Be7
9. O-O O-O 10. Be3 ({Příslušný:} 10. c4 Nd7 11. Bb2 Bf6 12. e5 Be7 13. Re1
c5 14. d5 exd5 15. cxd5 Re8 16. d6 Bf8 17. Bc4 a6 18. Qb3 Bxf3 19. Bxf7+ Kh8
20. Qxf3 Rxe5 21. Bxe5 Nxe5 22. Rxe5 Ra7 23. Re8 {1-0 (23) Vaisser,A (2445)
-Raoux,M (1610) Asnieres sur Seine 2023}) 10... Nd7 11. Qc2 c5 12. Rac1 Rc8 {
[#]} 13. Qb2 $146 ({Přechůdce:} 13. Qb1 h6 14. Nd2 Nf6 15. f3 Qd7 16. Nc4 Ba6
17. Nxb6 Bxd3 18. Nxd7 Bxb1 19. Nxf6+ Bxf6 20. Rxb1 cxd4 21. cxd4 Rc2 22. Rf2
Rc3 23. Rb3 Rxb3 24. axb3 Rb8 25. Rb2 Rb4 26. e5 Bd8 27. d5 exd5 28. Bxa7 Bb6+
29. Bxb6 Rxb6 30. Kf2 Kf8 31. Ke3 Rb4 32. Kd3 Ke7 33. Kc3 Rb5 34. Kd4 Ke6 35.
b4 g6 36. g4 h5 37. h3 f6 38. exf6 Kxf6 39. f4 Ke6 40. Kc3 Kf6 41. Ra2 hxg4 42.
hxg4 Rb6 {Muha,M (1849)-Putak,K Valpovo 2011 1-0}) 13... Re8 14. Rfd1 Bf6 15.
dxc5 Nxc5 16. Bxc5 Rxc5 17. Bb5 Qc8 18. Bxe8 Qxe8 19. Qe2 Rxc3 20. Rxc3 Bxc3
21. Qd3 Bf6 22. Qd7 Qxd7 23. Rxd7 Bxe4 24. Rxa7 Bxf3 25. gxf3 g6 26. Kf1 Kf8
27. Ke2 Bd4 28. a4 h6 29. h3 f5 30. Rd7 Bc5 31. Rc7 Bd4 32. Rc4 Be5 33. Rb4 Bc7
34. Rc4 Be5 35. Rc6 Bd4 36. Rxe6 Kf7 37. Rd6 Bc5 38. Rc6 Bd4 39. Rc4 Be5 40. f4
Bf6 41. Ke3 Ke7 42. Rc6 Kf7 43. Rxb6 Be7 44. Rb7 1-0

[Event "Brno Pasci listopad"]
[Site "?"]
[Date "2023.11.04"]
[Round "6"]
[White "Borkovec, Ondrej"]
[Black "Carbonai, Gabriele"]
[Result "1-0"]
[WhiteElo "1533"]
[BlackElo "1182"]
[PlyCount "71"]
[EventDate "2023.11.??"]

{[%evp 0,71,31,33,29,-9,2,1,5,16,44,-1,25,-16,10,-11,40,-2,10,12,197,220,222,
226,227,228,224,232,244,200,200,144,244,242,241,239,229,226,225,205,194,149,
157,138,154,127,258,277,466,467,632,535,542,497,839,878,29985,29986,29987,
29988,29993,29994,29995,29994,29995,29996,29997,29998,29999,29998,29999,29998,
29999,-30000]} 1. d4 d5 2. c4 e6 3. Nc3 Nf6 4. Nf3 c6 5. g3 Nbd7 6. Bg2 Be7 7.
O-O O-O 8. Nd2 Re8 ({Příslušný:} 8... b6 9. e4 Ba6 10. e5 Ne8 11. Re1 Nc7
12. cxd5 Nxd5 13. Nde4 Bb7 14. Qg4 Kh8 15. Nxd5 cxd5 16. Nc3 Ba6 17. h4 Rc8 18.
Bg5 h6 19. Bd2 Bd3 20. Bf1 Bf5 21. Qh5 Bg6 22. Qd1 f6 23. exf6 Rxf6 24. Bh3 Nf8
25. Bg4 Bd6 26. Rc1 Bf5 27. Bxf5 Rxf5 28. Qg4 Qd7 29. Re2 b5 30. Rce1 h5 31.
Qh3 b4 32. Nd1 Rf7 33. Ne3 a5 34. Ng2 Rc4 35. Be3 e5 36. Qxd7 Nxd7 37. b3 Rc8
38. dxe5 {Caruana,F (2783)-Moussard,J (2672) Chess.com INT 2022 1/2 (71)}) 9.
e4 {[#]} Bb4 $146 ({Přechůdce:} 9... dxe4 10. Ndxe4 Nf8 11. Be3 Ng6 12. Qe2
e5 13. Nxf6+ Bxf6 14. d5 Bd7 15. Rad1 Qc7 16. Ne4 cxd5 17. Nxf6+ gxf6 18. Bxd5
Be6 19. b3 Rad8 20. Bg2 f5 21. Bg5 Rxd1 22. Rxd1 Kg7 23. Qh5 f6 24. Qh6+ Kg8
25. Bxf6 Qf7 26. Qg5 h6 27. Qxh6 Qxf6 28. h4 Qg7 29. Qe3 f4 30. Qxa7 Nxh4 31.
Qxb7 fxg3 32. Qxg7+ Kxg7 33. fxg3 Nf5 34. Rd3 Nd4 35. a4 Rf8 36. Be4 Rb8 37. a5
Bc8 38. c5 Rxb3 39. Rxb3 {Gozzoli,Y (2567)-Rakotomaharo,F (2414) Chess.com INT
2017 1-0}) 10. e5 Bxc3 11. bxc3 Ne4 12. Nxe4 dxe4 13. Bxe4 f5 14. exf6 Nxf6 15.
Bc2 Rf8 16. Qd3 Bd7 17. Bg5 g6 18. Bh6 Rf7 19. Rae1 b5 20. cxb5 cxb5 21. Bg5 a6
22. h4 b4 23. h5 Bb5 24. c4 Rc8 25. cxb5 Rc3 26. Qe2 h6 27. hxg6 Rg7 28. Qxe6+
Kh8 29. Bxf6 Rxg3+ 30. fxg3 Qf8 31. Bxg7+ Qxg7 32. Qe8+ Qg8 33. g7+ Kxg7 34.
Re7+ Kh8 35. Rf8 Qxf8 36. Qxf8# 1-0

[Event "Brno Pasci listopad"]
[Site "?"]
[Date "2023.11.04"]
[Round "7"]
[White "Fencl, Vaclav"]
[Black "Pospisil, Tomas"]
[Result "1-0"]
[WhiteElo "1762"]
[BlackElo "1544"]
[PlyCount "73"]
[EventDate "2023.11.??"]

{[%evp 0,73,38,41,25,38,68,62,64,62,62,48,80,68,58,53,44,40,37,30,42,35,47,-15,
-5,5,44,-58,-83,-87,-84,-96,-99,-109,-121,-143,-71,-73,-61,-61,-65,-94,-71,
-118,-73,-145,0,-31,-26,-5,186,158,743,325,325,193,193,216,220,233,555,555,628,
670,686,686,405,570,29991,29992,29997,29998,29999,29996,29997,29992]} 1. e4 e5
2. Nf3 d6 3. d4 exd4 4. Nxd4 Be7 5. Nc3 h6 ({Příslušný:} 5... Nf6 6. g3 d5
7. e5 Ne4 8. Nxe4 dxe4 9. e6 Qd5 10. Nb5 Qxd1+ 11. Kxd1 Na6 12. exf7+ Kxf7 13.
Bc4+ Kg6 14. h3 Rd8+ 15. Ke2 c6 16. Nc3 b5 17. Bb3 Nc5 18. Be3 a5 19. Bxc5 Bxc5
20. a4 Bd4 21. axb5 Bxc3 22. bxc3 cxb5 23. Ke3 a4 24. Ba2 Ra6 25. Rab1 Rc6 26.
c4 Be6 27. Rxb5 Bxc4 28. Bxc4 Rxc4 29. Ra1 Rf8 30. Ra2 Rf5 31. Rb6+ Rf6 32. Rb5
h5 33. Ra5 Rc3+ 34. Kd4 Rcf3 35. c4 {Chen,Q (2424)-Wu,W (2345) Qinhuangdao
2019 1-0 (79)}) 6. Bc4 Nf6 7. Bb3 O-O 8. O-O Bd7 9. h3 Nc6 10. Be3 {[#]} Na5
$146 ({Přechůdce:} 10... Re8 11. Re1 Bf8 12. Nxc6 bxc6 13. Qf3 c5 14. Qg3
Nxe4 15. Nxe4 Rxe4 16. Bxf7+ Kh8 17. Bd5 {1-0 (17) Dolzhikov,A-Rojas Romani,E
ICCF email 2017}) 11. Qe2 c5 12. Nf3 a6 13. Bd5 Nxd5 14. Nxd5 Bb5 15. Qd2 Bxf1
16. Kxf1 Nc4 17. Qc3 Nxe3+ 18. Qxe3 Bf6 19. c3 Re8 20. Nh2 Be7 21. Ng4 Rb8 22.
Rd1 f5 23. exf5 Bg5 24. Qd3 Rc8 25. f6 gxf6 26. Qg6+ Kh8 27. h4 Rg8 28. Qf5
Bxh4 29. Nxh6 Rg5 30. Nf7+ Kg7 31. Nxg5 Bxg5 32. f4 Bh6 33. Rd3 Qh8 34. Rg3+
Kf7 35. Qd7+ Kf8 36. Qxc8+ Kf7 37. Qxh8 1-0

[Event "Brno Pasci listopad"]
[Site "?"]
[Date "2023.11.04"]
[Round "9"]
[White "Pospisil, Tomas"]
[Black "Messerschmidt, Stanislav"]
[Result "0-1"]
[WhiteElo "1544"]
[BlackElo "1799"]
[PlyCount "72"]
[EventDate "2023.11.??"]

{[%evp 0,72,38,26,97,69,74,60,84,46,32,41,10,-5,11,11,9,-12,-25,-36,-3,-22,-1,
-34,-13,-6,-28,-28,-24,-29,-15,-34,-22,-22,-38,-65,-70,-70,-57,-115,-96,-149,
-150,-202,-155,-155,-156,-156,302,-425,-392,-382,-375,-429,-419,-421,-387,-399,
-408,-403,-397,-397,-397,-405,-417,-518,-527,-542,-540,-1625,-2089,-29977,
-29978,-29999,-30000]} 1. e4 g6 2. Nf3 Bg7 3. h3 c6 4. Be2 d5 5. exd5 cxd5 6.
Bb5+ Nc6 7. O-O Nf6 8. Ne5 Bd7 9. Nxd7 Qxd7 10. Re1 e6 11. Nc3 a6 12. Bxc6 Qxc6
13. d4 O-O 14. Rb1 Rac8 15. Bg5 b5 16. a3 a5 17. Qe2 b4 18. axb4 axb4 19. Nb5
Qxc2 20. Qf3 Ne4 21. Be7 Rfe8 22. Bxb4 Qa4 23. Nd6 Qxb4 24. Nxe8 Rxe8 25. Qa3
Qxd4 26. Rf1 Rc8 27. Rbd1 Qxb2 28. Qxb2 Bxb2 29. f3 Ng3 30. Rf2 Ba3 31. Kh2 Bd6
32. f4 Ne4 33. Rff1 g5 34. g3 Rc2+ 35. Kg1 Bc5+ 36. Kh1 Nxg3# 0-1

[Event "Brno Pasci listopad"]
[Site "?"]
[Date "2023.11.04"]
[Round "10"]
[White "Zeman, Arnost"]
[Black "Vyskocil, Neklan"]
[Result "0-1"]
[WhiteElo "1632"]
[BlackElo "2192"]
[PlyCount "63"]
[EventDate "2023.11.??"]

{[%evp 0,63,29,19,64,37,37,4,-11,-17,5,-9,7,-14,-7,-22,-33,-19,-15,-52,-42,-21,
-29,-29,-11,-43,-6,-123,-182,-172,-177,-186,-105,-223,-189,-189,-182,-211,-221,
-222,-189,-176,-167,-174,-178,-180,-179,-213,-218,-201,-210,-229,-246,-240,
-237,-271,-272,-295,-278,-346,-324,-360,-375,-384,-403,-411]} 1. e4 c5 2. Nf3
Nc6 3. c3 d5 4. e5 Bg4 5. Bb5 Rc8 ({Příslušný:} 5... Qb6 6. Na3 e6 7. O-O
a6 8. Bxc6+ Qxc6 9. Nc2 Ne7 10. h3 Bh5 11. d4 c4 12. Ne3 h6 13. Bd2 Bg6 14. Ne1
Nf5 15. Ng4 Be7 16. g3 b5 17. Ng2 Kd7 18. Nf4 Bh7 19. Nh5 b4 20. Ne3 bxc3 21.
Bxc3 Rhg8 22. Nc2 Qa4 23. Ne3 Qxd1 24. Raxd1 Rab8 25. Ng2 Bb4 26. Rd2 Rb5 27.
g4 Ne7 28. f4 Bd3 29. Rff2 Kc6 30. Kh2 g6 31. Nf6 Rgb8 32. Ne1 Bb1 33. Bxb4
Rxb4 34. a3 Rb3 35. Nc2 {Apicella,M (2501)-Lagarde,M (2615) Cannes 2018 0-1})
6. d4 cxd4 {[#]} 7. cxd4 $146 ({Přechůdce:} 7. Qxd4 Bxf3 8. gxf3 e6 9. Qxa7
Qc7 10. Bf4 Nge7 11. Nd2 g6 12. Bg3 Bg7 13. f4 O-O 14. Qe3 Rfd8 15. Bxc6 Qxc6
16. Nb3 d4 {0-1 (16) Silva Martinez,F (2020)-Fajardo Morales,V (2000) Malaga
1997}) 7... e6 8. O-O Nge7 9. h3 Bxf3 10. Qxf3 a6 11. Bxc6+ Nxc6 12. Be3 Qb6
13. Rd1 Qxb2 14. Nd2 Nxd4 15. Qg4 Nf5 16. Bf4 h5 17. Qe2 Qd4 18. Bh2 Be7 19.
Nf3 Qc4 20. Qb2 Qb4 21. Qxb4 Bxb4 22. Rab1 a5 23. a3 Bxa3 24. Rxb7 O-O 25. g4
hxg4 26. hxg4 Nh6 27. g5 Nf5 28. Kg2 Rc2 29. Rdb1 Bc5 30. Bg1 a4 31. Rc7 a3 32.
Ra1 {(Time!)} 0-1

[Event "Brno Pasci listopad"]
[Site "?"]
[Date "2023.11.04"]
[Round "10"]
[White "Holemar, David"]
[Black "Messerschmidt, Stanislav"]
[Result "1/2-1/2"]
[WhiteElo "2149"]
[BlackElo "1799"]
[PlyCount "70"]
[EventDate "2023.11.??"]

{[%evp 0,70,29,29,70,52,56,14,28,-4,-4,-17,24,32,49,32,71,46,108,99,99,99,100,
115,97,104,134,76,118,64,89,65,89,98,103,103,103,85,242,84,286,66,108,48,37,48,
122,73,48,63,109,86,80,69,68,61,71,23,36,29,32,19,27,33,34,12,12,15,38,5,4,11,
17]} 1. d4 g6 2. d5 c6 3. c4 d6 4. Nc3 Bg7 5. h3 Nf6 6. e4 a6 7. Nf3 b5 8. dxc6
Nxc6 9. cxb5 axb5 10. Bxb5 Bd7 11. O-O O-O 12. Re1 Rb8 13. Bf1 Qb6 14. Rb1 h6
15. Nd5 Qa7 16. Nxf6+ Bxf6 17. Bxh6 Rfc8 18. Bc4 Na5 19. e5 dxe5 20. Bd3 Be6
21. b3 Nc6 22. Qe2 Nb4 23. Bc4 Bxc4 24. bxc4 Qxa2 25. Qxa2 Nxa2 26. Rxb8 Rxb8
27. Nxe5 Rc8 28. Ng4 Rxc4 29. Nxf6+ exf6 30. Re7 Kh7 31. Be3 Kg7 32. Ra7 Nc3
33. Rd7 Ne4 34. Bd4 Rc1+ 35. Kh2 Rc4 1/2-1/2